LEADER 00702cam0-2200253 --450 001 9910348755403321 005 20191126123000.0 035 $a(OCoLC)9638982 100 $a20191126d1961----km y0itay50 ----ba 101 0 $aeng 102 $aGB 200 1 $aScientific training for cycling$fC.R. Woodard 205 $a[3rd. ed., rev. and enl.] 210 $aLondon$cTemple Press$d[1961] 215 $a78 p$cill.$d19 cm 610 0 $aCiclismo 700 1$aWoodard,$bChristopher Roy$f<1913- >$0768692 801 0$aIT$bUNINA$gRICA$2UNIMARC 901 $aBK 912 $a9910348755403321 952 $aK/28$b194$fDINTR 959 $aDINTR 996 $aScientific training for cycling$91566406 997 $aUNINA